| 000 | 00827nam a2200253Ia 4500 | ||
|---|---|---|---|
| 003 | OSt | ||
| 005 | 20221005104552.0 | ||
| 006 | a|||||r|||| 00| 0 | ||
| 007 | ta | ||
| 008 | 221004b |||||||| |||| 00| 0 hin d | ||
| 024 | _a32682 | ||
| 037 | _cTextual | ||
| 040 |
_aCRL _cCRL _bhin |
||
| 041 |
_2hin _ahin |
||
| 082 | _aO152,2vN, Q2 | ||
| 100 | _aओझा, दशरथ | ||
| 245 | 0 |
_aहिन्दी नाटक _b उद्भव और विकास |
|
| 246 | _aHindī nāṭaka: udbhav aur vikāsa | ||
| 260 |
_aदिल्ली _bराजपाल एण्ड सन्ज़ भारत _c2012 |
||
| 300 |
_a415पृ. _ccm. |
||
| 650 | _aहिन्दी साहित्य | ||
| 942 |
_hO152,2vN, Q2 _cTEXL _2cc |
||
| 999 |
_c1013125 _d1013125 |
||